Buchstabe als Zahl im Alphabet - Statistiken

Allgemein
  • Dieses Quiz wurde 38 mal gespielt
  • Das Durchschnittsergebnis liegt bei 12 aus 16
Antwortstatistiken
Hint Antwort % Korrekt
A 1
97%
J 10
94%
D 4
94%
G 7
89%
M 13
86%
V 22
83%
C 3
83%
S 19
80%
Z 26
80%
E 5
80%
X 24
74%
L 12
71%
O 15
71%
I 9
60%
Q 17
51%
T 20
51%
Keine übereinstimmenden Quizze gefunden
Verteilung der Resultate
Anzahl Personen mit jedem Resultat
Perzentil nach korrekt beantworteten Fragen
Ihre Resultats-Entwicklung
Sie haben dieses Quiz noch nicht gespielt